Każdy kraj, który wygrał igrzyska olimpijskie - Statystyki

Ogólne statystyki
  • Ten quiz został rozwiązany 71 razy
  • Średni wynik to 10 z 11
Statystyki odpowiedzi
# Rok/lata Country % Poprawnych
19 Letnie: 1896, 1904, 1912, 1920, 1924, 1928, 1932, 1948, 1952, 1964, 1968, 1984, 1996, 2000, 2004, 2012, 2016, 2020, 2024 Zimowe: 1932 Stany Zjednoczone
100%
1 2008 Chiny
98%
1 Letnie: 1936 Zimowe: 1992, 1998, 2006 Niemcy
98%
11 1924, 1928, 1936, 1948, 1952, 1968, 2002, 2014, 2018, 2022, 2026 Norwegia
98%
1 1900 Francja
95%
1 1994 Rosja
91%
1 2010 Kanada
89%
1 1948 Szwecja
89%
1 1908 Wielka Brytania
89%
7 Letnie: 1956, 1960, 1972, 1976, 1980, 1988, 1992 Zimowe: 1956, 1960, 1964, 1972, 1976, 1980, 1988 Związek Radziecki / Wspólna Reprezentacja
82%
1 1984 Niemcy Wschodnie
65%
Nie znaleziono quizów pasujących do podanych kryteriów
Rozkład punktacji
Procent ludzi z każdym wynikiem
Percentyl według liczby udzielonych odpowiedzi
Twoja historia wyników
Nie rozwiązałeś tego quizu